Príčiny animozity v slovensko-maďarských vzťahoch

Vzájomné slovensko-maďarské vzťahy treba vidieť a posudzovať v dvoch rovinách, a to ako slovensko-maďarské vnútroslovenské a slovensko-maďarské medzištátne. Tie prvé reprezentuje vzťah štát (SR) verzus maďarská národnostná menšina žijúca na Slovensku, disponujúca špecifickými právami, priznanými iba...

Descrizione completa

Salvato in:
Dettagli Bibliografici
Autore principale: Kupkovič, Miroslav
Natura: Capitolo di libro
Lingua:slovacco
Soggetti:
Tags: Aggiungi Tag
Nessun Tag, puoi essere il primo ad aggiungerne!!

MARC

LEADER 00000nla$a2200000$$$4500
001 0082342
005 20240502071926.7
041 0 |a slo 
044 |a SK 
245 1 0 |a Príčiny animozity v slovensko-maďarských vzťahoch  |c Miroslav Kupkovič 
520 |a Vzájomné slovensko-maďarské vzťahy treba vidieť a posudzovať v dvoch rovinách, a to ako slovensko-maďarské vnútroslovenské a slovensko-maďarské medzištátne. Tie prvé reprezentuje vzťah štát (SR) verzus maďarská národnostná menšina žijúca na Slovensku, disponujúca špecifickými právami, priznanými iba jej, pričom ich rozsah je v porovnaní s inými štátmi nadštandardný. Toto nechce vidieť vedúca predstaviteľka menšiny - Strana maďarskej koalície, ktorá vedome šíri lži a ohovárania na Slovensku i v zahraničí. Druhú vzťahovú rovinu tvoria slovensko-maďarské medzištátne vzťahy. V oblasti ekonomickej a kultúrnej boli a sú pragmatické a štandardné. Inak je to v oblasti politickej, kde v minulosti i dnes sú problémy vo vzájomnej komunikácii. V tejto oblasti sú zrejme príčiny animozity vo vzájomných vzťahoch. Pramenia z realizácie národnostnej politiky Maďarska, ktorej základ tvorí politika voči zahraničným Maďarom. 
610 2 0 |a Maďarsko 
610 2 0 |a Slovensko 
610 2 0 |a vzťahy politické medzinárodné 
610 2 0 |a menšiny národnostné 
100 1 |a Kupkovič, Miroslav